[Event "SPICE Cup Open 2018"]
[Site "Saint Louis USA"]
[Date "2018.10.24"]
[Round "2.3"]
[White "Tang, Andrew"]
[Black "Lenderman, Aleksandr"]
[Result "1/2-1/2"]
[WhiteTitle "GM"]
[BlackTitle "GM"]
[WhiteElo "2469"]
[BlackElo "2626"]
[WhiteFideId "2059630"]
[BlackFideId "2021285"]
[EventDate "2018.10.23"]
[EventType "swiss"]

1. d4 Nf6 2. c4 e6 3. Nc3 d5 4. cxd5 Nxd5 5. e4 Nxc3 6. bxc3 c5 7. Nf3 cxd4 8.
cxd4 Bb4+ 9. Bd2 Bxd2+ 10. Qxd2 O-O 11. Rc1 b6 12. Bd3 Ba6 13. Bxa6 Nxa6 14. O-O
Qe7 15. Ne5 Rac8 16. Qd3 Qb7 17. Qa3 Nb8 18. Nc4 Qa6 19. Qxa6 Nxa6 20. Nd6 Rcd8
21. e5 Rd7 22. Rc4 Nc7 23. Rfc1 Nd5 24. g3 f5 25. a3 g5 26. Rc6 g4 27. Kf1 Kg7
28. Ke2 Kg6 29. Nc8 Kf7 30. Nd6+ Kg6 31. Nc8 Kf7 32. Nd6+ 1/2-1/2

[Event "SPICE Cup Open 2018"]
[Site "Saint Louis USA"]
[Date "2018.10.24"]
[Round "2.4"]
[White "Wang, Kevin"]
[Black "Prohaszka, Peter2"]
[Result "1/2-1/2"]
[WhiteTitle "IM"]
[BlackTitle "GM"]
[WhiteElo "2447"]
[BlackElo "2626"]
[WhiteFideId "2008424"]
[BlackFideId "726265"]
[EventDate "2018.10.23"]
[EventType "swiss"]

1. d4 d5 2. c4 dxc4 3. e4 Nc6 4. Nf3 Bg4 5. d5 Ne5 6. Bf4 Ng6 7. Be3 Nf6 8. Nbd2
e6 9. Qa4+ Qd7 10. Qxd7+ Nxd7 11. dxe6 Bxe6 12. Nd4 Bc5 13. Nxc4 O-O-O 14. O-O-O
Rhe8 15. Nxe6 Rxe6 16. f3 Nge5 17. Bf4 Nxc4 18. Bxc4 Rc6 19. Kb1 Bd6 20. Bxd6
Rxc4 21. Rc1 Nb6 22. Bf4 c6 23. Rxc4 Nxc4 24. b3 Na3+ 25. Kb2 Nb5 26. a4 Nc7 27.
Rc1 Rd3 28. Kc2 Rd7 29. Be3 b6 30. g4 c5 31. f4 Na6 32. Bd2 Rd4 33. Re1 Nb4+ 34.
Bxb4 Rxb4 35. Kc3 Kd7 36. g5 Ke6 37. h4 f6 38. gxf6 gxf6 39. h5 h6 40. Re3 a6
41. Re1 f5 42. exf5+ Kxf5 43. Rg1 Re4 44. Rg6 Re6 45. Rxe6 Kxe6 46. Kc4 Kf5 47.
Kd5 Kg4 48. Ke5 b5 49. axb5 axb5 50. f5 c4 51. bxc4 bxc4 52. f6 1/2-1/2

[Event "SPICE Cup Open 2018"]
[Site "Saint Louis USA"]
[Date "2018.10.24"]
[Round "2.5"]
[White "Shimanov, Aleksandr"]
[Black "Escalante Ramirez, Brian Sebasti"]
[Result "0-1"]
[WhiteTitle "GM"]
[BlackTitle "IM"]
[WhiteElo "2626"]
[BlackElo "2442"]
[WhiteFideId "4198603"]
[BlackFideId "3819566"]
[EventDate "2018.10.23"]
[EventType "swiss"]

1. d4 Nf6 2. Bg5 Ne4 3. h4 c5 4. dxc5 Na6 5. Nd2 Naxc5 6. Nxe4 Nxe4 7. Qd5 Nxg5
8. hxg5 Qb6 9. O-O-O Qxf2 10. e4 Qf4+ 11. Kb1 e6 12. Qd4 Qxg5 13. e5 Qe7 14. Nf3
Qc5 15. Qf4 h6 16. Bd3 g5 17. Qg3 Bg7 18. Rhe1 b5 19. Be4 Rb8 20. Rd3 b4 21.
Red1 Rb5 22. Rd6 Qe3 23. Bc6 Bxe5 24. Qh3 dxc6 25. Rxc6 Bd7 26. Rc4 Rd5 27. Rh1
Qe2 0-1

[Event "SPICE Cup Open 2018"]
[Site "Saint Louis USA"]
[Date "2018.10.24"]
[Round "2.6"]
[White "Gledura, Benjamin"]
[Black "Santarius, Erik"]
[Result "1-0"]
[WhiteTitle "GM"]
[BlackTitle "IM"]
[WhiteElo "2621"]
[BlackElo "2404"]
[WhiteFideId "712779"]
[BlackFideId "2025817"]
[EventDate "2018.10.23"]
[EventType "swiss"]

1. e4 c6 2. d4 d5 3. e5 c5 4. dxc5 e6 5. a3 Bxc5 6. Nf3 Ne7 7. Be2 Ng6 8. O-O
Nd7 9. b4 Be7 10. Bb2 a5 11. b5 Nf4 12. c4 Nb6 13. Nbd2 Bd7 14. cxd5 Nxe2+ 15.
Qxe2 Nxd5 16. a4 O-O 17. Nc4 Bb4 18. Nfd2 Qg5 19. Ne4 Qg6 20. Ned6 b6 21. Rad1
Qg5 22. Rd4 Qe7 23. Rg4 f5 24. exf6 Nxf6 25. Bxf6 Rxf6 26. Ne4 Rf5 27. Nxb6 Raf8
28. Nxd7 Qxd7 29. h4 h6 30. Rc1 R8f7 31. Rc6 Qd4 32. Rxe6 Qa1+ 33. Kh2 Qxa4 34.
Re8+ Kh7 35. Ng5+ hxg5 36. Rxb4 1-0

[Event "SPICE Cup Open 2018"]
[Site "Saint Louis USA"]
[Date "2018.10.24"]
[Round "2.7"]
[White "Betaneli, Alexander"]
[Black "Cordova, Emilio"]
[Result "0-1"]
[WhiteTitle "FM"]
[BlackTitle "GM"]
[WhiteElo "2272"]
[BlackElo "2609"]
[WhiteFideId "2012359"]
[BlackFideId "3801497"]
[EventDate "2018.10.23"]
[EventType "swiss"]

1. c4 e5 2. g3 Nc6 3. Bg2 Bc5 4. Nc3 d6 5. e3 Bf5 6. d3 Qd7 7. h3 Nge7 8. Nge2
h6 9. a3 a5 10. d4 Bb6 11. b3 O-O 12. dxe5 Nxe5 13. Nf4 N7g6 14. e4 Be6 15. Nfd5
Bc5 16. Be3 Bxd5 17. Nxd5 c6 18. Bxc5 cxd5 19. Bd4 dxc4 20. bxc4 Nxc4 21. O-O
Rac8 22. a4 Rfe8 23. Rb1 Nge5 24. Rb5 Rc7 25. Ba1 b6 26. Rd5 Rc5 27. Re1 Rxd5
28. exd5 b5 29. axb5 Qxb5 30. f4 Ng6 31. Rxe8+ Qxe8 32. Qd4 Qe3+ 33. Kh2 Qxd4
34. Bxd4 Ne7 35. Be4 Nd2 36. Bg2 a4 37. Bc3 Nc4 38. Be4 a3 39. Kg1 Ne3 40. Bb1
N7xd5 41. Bd2 Nd1 0-1

[Event "SPICE Cup Open 2018"]
[Site "Saint Louis USA"]
[Date "2018.10.24"]
[Round "2.8"]
[White "Nyzhnyk, Illya"]
[Black "Wang, Tianqi"]
[Result "1/2-1/2"]
[WhiteTitle "GM"]
[WhiteElo "2626"]
[BlackElo "2346"]
[WhiteFideId "14118084"]
[BlackFideId "2063824"]
[EventDate "2018.10.23"]
[EventType "swiss"]

1. d4 Nf6 2. Nf3 e6 3. Bf4 c5 4. e3 cxd4 5. exd4 d5 6. c3 Nc6 7. Bd3 Nh5 8. Be3
Bd6 9. Ne5 g6 10. f4 O-O 11. g4 Ng7 12. g5 f6 13. gxf6 Qxf6 14. Qg4 Nf5 15. Bf2
Nh6 16. Qg3 Qxf4 17. Qxf4 Rxf4 18. Nxc6 bxc6 19. Bg3 Rb8 20. b3 e5 21. Bxf4 exf4
22. O-O Bh3 23. Rf2 Re8 24. Nd2 g5 25. Nf3 Nf7 26. Re1 Rf8 27. Kh1 Kg7 28. c4
Bb4 29. Rc1 Be6 30. a3 Ba5 31. b4 Bb6 32. Re1 Kf6 33. Nxg5 Nxg5 34. Rxf4+ Ke7
35. Rxf8 Kxf8 36. c5 Bc7 37. h4 Ne4 38. Kg2 Kf7 39. a4 Bd8 40. b5 cxb5 41. axb5
Bf6 42. b6 axb6 43. cxb6 Bxd4 44. b7 Be5 45. Bxe4 dxe4 46. Rb1 Bg4 47. Kf2 Bb8
48. Ra1 Kg6 49. Ra5 h6 50. Ke3 Bf3 51. Ra8 Bh2 52. Ra2 Bb8 53. Ra5 Bh2 54. Rb5 1/2-1/2

[Event "SPICE Cup Open 2018"]
[Site "Saint Louis USA"]
[Date "2018.10.24"]
[Round "2.9"]
[White "Polgar-Shutzman, Tom"]
[Black "Bok, Benjamin"]
[Result "0-1"]
[BlackTitle "GM"]
[WhiteElo "2130"]
[BlackElo "2639"]
[WhiteFideId "2064880"]
[BlackFideId "1017063"]
[EventDate "2018.10.23"]
[EventType "swiss"]

1. e4 c5 2. Nf3 Nc6 3. Bb5 g6 4. Bxc6 bxc6 5. O-O Bg7 6. Re1 Nh6 7. c3 O-O 8. d4
cxd4 9. cxd4 d5 10. e5 f6 11. Nbd2 fxe5 12. Nxe5 Bxe5 13. dxe5 Nf5 14. Nf3 c5
15. Qc2 Qb6 16. b3 Bb7 17. e6 d4 18. Ng5 Rf6 19. Ba3 Rc8 20. Re5 h6 21. Ne4 Bxe4
22. Qxe4 Qa5 23. Bb2 Qd2 24. Qe2 Qxe2 25. Rxe2 Rc6 26. Rae1 a5 27. Rc1 Rfxe6 28.
Kf1 Kf7 29. Ba3 c4 30. bxc4 Nd6 31. c5 Nb5 32. Bb2 a4 33. Rc4 Rxe2 34. Kxe2 e5
35. Rxa4 Rxc5 36. Kd3 e4+ 37. Kd2 d3 38. Rxe4 Rc2+ 39. Kxd3 Rxb2 40. a4 Nd6 41.
Rf4+ Ke6 42. h4 Ke5 43. g3 h5 44. Rf8 Ra2 45. Rg8 Kf6 46. Rf8+ Ke6 47. Rf4 Ke5
48. Ke3 Ra3+ 49. Ke2 Ne4 50. Kf1 Rxa4 51. Kg2 Ra2 52. Rf3 Nf6 53. Re3+ Kd4 54.
Rf3 Ng4 55. Rf4+ Kd3 56. Kf1 Ra6 57. Rb4 Ra1+ 58. Kg2 Ra2 59. Rf4 Ke2 60. Re4+
Kd1 61. Kg1 Rxf2 62. Rxg4 hxg4 63. Kxf2 Kd2 64. Kg2 Ke2 0-1

[Event "SPICE Cup Open 2018"]
[Site "Saint Louis USA"]
[Date "2018.10.24"]
[Round "2.10"]
[White "Grabinsky, Aaron"]
[Black "Patel, Advait"]
[Result "1/2-1/2"]
[BlackTitle "IM"]
[WhiteElo "2375"]
[BlackElo "2461"]
[WhiteFideId "2087090"]
[BlackFideId "2075105"]
[EventDate "2018.10.23"]
[EventType "swiss"]

1. e4 e5 2. Nf3 Nc6 3. Bc4 Nf6 4. d3 Bc5 5. O-O d6 6. c3 O-O 7. a4 a5 8. h3 h6
9. Na3 Ne7 10. Nc2 Ng6 11. Re1 c6 12. Ba2 Bb6 13. d4 exd4 14. Ncxd4 Re8 15. Bb1
d5 16. exd5 Rxe1+ 17. Qxe1 Nxd5 18. Be4 Bc7 19. Bd2 Ndf4 20. Rd1 Qf6 21. Be3 Ne5
22. Kh1 Nfg6 23. Bc1 Nxf3 24. Nxf3 Bf5 25. Bxf5 Qxf5 26. Nd4 Qf6 27. Nf3 Rd8 28.
Rxd8+ Qxd8 1/2-1/2

[Event "SPICE Cup Open 2018"]
[Site "Saint Louis USA"]
[Date "2018.10.24"]
[Round "2.11"]
[White "Ostrovskiy, Aleksandr"]
[Black "Peng, David"]
[Result "1-0"]
[WhiteTitle "IM"]
[BlackTitle "FM"]
[WhiteElo "2423"]
[BlackElo "2341"]
[WhiteFideId "2034239"]
[BlackFideId "2059355"]
[EventDate "2018.10.23"]
[EventType "swiss"]

1. c4 e6 2. Nf3 Nf6 3. Nc3 d5 4. e3 b6 5. b3 Bb7 6. Bb2 Bd6 7. g3 O-O 8. Bg2 a6
9. O-O Nbd7 10. Qe2 Re8 11. Rfd1 e5 12. cxd5 Nxd5 13. Nxd5 Bxd5 14. e4 Bb7 15.
d4 f6 16. dxe5 fxe5 17. Bh3 Nc5 18. Nxe5 Qe7 19. f4 b5 20. Bg2 Rad8 21. Kh1 Ne6
22. a4 1-0

[Event "SPICE Cup Open 2018"]
[Site "Saint Louis USA"]
[Date "2018.10.24"]
[Round "2.12"]
[White "Durarbayli, Vasif"]
[Black "Gosdin, Kaleb"]
[Result "1-0"]
[WhiteTitle "GM"]
[WhiteElo "2629"]
[BlackElo "2029"]
[WhiteFideId "13402935"]
[BlackFideId "30920442"]
[EventDate "2018.10.23"]
[EventType "swiss"]

1. d4 f5 2. Nf3 Nf6 3. c4 e6 4. Nc3 d5 5. Bf4 Be7 6. e3 O-O 7. h3 c6 8. Bd3 Ne4
9. Qc2 Nd7 10. g4 Nb6 11. Ne5 Bf6 12. O-O-O Qe7 13. Rhg1 Bd7 14. c5 Nc8 15. f3
Nxc3 16. bxc3 b6 17. gxf5 exf5 18. Nxd7 Qxd7 19. Bxf5 Qe7 20. Bxh7+ Kh8 21. Bg6
Qd7 22. h4 Ne7 23. h5 Ng8 24. Qh2 Nh6 25. Bb1 bxc5 26. Qc2 g5 27. hxg6 Bg7 28.
Bxh6 1-0

[Event "SPICE Cup Open 2018"]
[Site "Saint Louis USA"]
[Date "2018.10.24"]
[Round "2.13"]
[White "Watson, John"]
[Black "Quesada Perez, Yuniesky"]
[Result "0-1"]
[WhiteTitle "IM"]
[BlackTitle "GM"]
[WhiteElo "2203"]
[BlackElo "2622"]
[WhiteFideId "2000768"]
[BlackFideId "3504409"]
[EventDate "2018.10.23"]
[EventType "swiss"]

1. d4 Nf6 2. c4 e6 3. Nc3 Bb4 4. e3 O-O 5. Bd3 c5 6. Nf3 b6 7. O-O Bb7 8. Na4
cxd4 9. exd4 Re8 10. a3 Bf8 11. b4 a5 12. bxa5 Rxa5 13. Nc3 d6 14. Rb1 Nbd7 15.
Re1 h6 16. Nd2 Ra8 17. Nde4 Nxe4 18. Bxe4 Bxe4 19. Rxe4 Nf6 20. Re3 Qc7 21. Qb3
Rec8 22. Qxb6 Qxc4 23. Rb4 Qc6 24. Qxc6 Rxc6 25. Bb2 d5 26. Rb3 Rc4 27. Ne2 Ne4
28. f3 Nd2 29. Rbc3 Rca4 30. Red3 Nc4 31. Bc1 Bxa3 32. Bxa3 Nxa3 33. Kf2 Nc4 34.
Nc1 Ra1 35. Rc2 g5 36. Kg3 Kg7 37. h4 Kg6 38. Kh3 Rb8 39. g3 Rbb1 40. Nb3 Ra3
41. Nc5 Rxd3 42. Nxd3 Rb3 43. Ne1 Re3 44. Rc1 Nd2 45. hxg5 hxg5 46. Kg2 Re2+ 47.
Kh3 Nb3 48. Rd1 Nxd4 49. f4 f5 50. fxg5 Kxg5 51. Ra1 e5 52. Rd1 Kf6 53. Ra1 Ne6
54. Nf3 0-1

[Event "SPICE Cup Open 2018"]
[Site "Saint Louis USA"]
[Date "2018.10.24"]
[Round "2.14"]
[White "Wang, Justin"]
[Black "Daggupati, Balaji"]
[Result "1/2-1/2"]
[WhiteTitle "FM"]
[BlackTitle "FM"]
[WhiteElo "2377"]
[BlackElo "2202"]
[WhiteFideId "30911370"]
[BlackFideId "2090759"]
[EventDate "2018.10.23"]
[EventType "swiss"]

1. e4 e5 2. Nf3 Nc6 3. Bb5 a6 4. Ba4 Nf6 5. O-O Be7 6. Re1 b5 7. Bb3 d6 8. c3
O-O 9. h3 Bb7 10. d4 Nd7 11. Nbd2 exd4 12. cxd4 Bf6 13. Nf1 Na5 14. Bc2 Re8 15.
Rb1 c5 16. d5 Nc4 17. b3 Nce5 18. N3h2 Ng6 19. Ne3 Bc3 20. Bd2 Bxd2 21. Qxd2 Nf6
22. Nf5 Bc8 23. Ng3 Ra7 24. Rbd1 a5 25. Bd3 Qb6 26. Kh1 b4 27. f4 Rae7 28. Nf3
Bd7 29. Bb1 a4 30. Qc1 axb3 31. axb3 Bc8 32. Qd2 Bb7 33. Nf5 Rxe4 34. Bxe4 Rxe4
35. Rxe4 Nxe4 36. Qe3 Nf6 37. Ng5 Qc7 38. Ne4 Nxd5 39. Qf2 Ndxf4 40. Nfxd6 Bd5
41. Rd2 Bxb3 42. Qxc5 Qxc5 43. Nxc5 Bd5 44. Kh2 Ne5 45. Rd4 g5 46. Rxb4 Nxg2 47.
Nf5 Nc6 48. Rg4 f6 49. h4 h5 50. Rg3 Ne1 51. hxg5 Nf3+ 52. Kh3 fxg5 53. Ne3 g4+
54. Kg2 Nh4+ 55. Kf2 Bf3 56. Nd3 Ng6 57. Rxf3 gxf3 58. Kxf3 Kg7 59. Nf4 Nxf4 60.
Kxf4 Kg6 61. Nf5 1/2-1/2

[Event "SPICE Cup Open 2018"]
[Site "Saint Louis USA"]
[Date "2018.10.24"]
[Round "2.15"]
[White "Narayanan, Samrug"]
[Black "Kiewra, Keaton"]
[Result "1/2-1/2"]
[BlackTitle "IM"]
[WhiteElo "2145"]
[BlackElo "2375"]
[WhiteFideId "30914051"]
[BlackFideId "2019280"]
[EventDate "2018.10.23"]
[EventType "swiss"]

1. e4 c5 2. Nf3 d6 3. Bb5+ Bd7 4. Bxd7+ Qxd7 5. O-O Nf6 6. Re1 Nc6 7. c3 e6 8.
d4 cxd4 9. cxd4 d5 10. e5 Ne4 11. Nbd2 Nxd2 12. Bxd2 Be7 13. Rc1 O-O 14. a3 Rac8
15. Qb3 Bd8 16. Qd3 h6 17. Rc2 Bb6 18. Rec1 Rc7 19. b4 Rfc8 20. h3 a6 21. Kf1
Na7 22. Rxc7 Rxc7 23. Rxc7 Bxc7 24. Bc3 Nc8 25. Bb2 Nb6 26. Nd2 Qc6 27. Ke2 Nc4
28. Nxc4 dxc4 29. Qf3 Qb5 30. Kd2 a5 31. Bc3 axb4 32. axb4 Bd8 33. Qe4 Bg5+ 34.
Ke2 Be7 35. Qb1 Kf8 36. Ke3 f5 37. exf6 Qg5+ 38. Ke2 Bxf6 39. Qe4 Qf5 40. Ke3
Ke8 41. Qxf5 exf5 42. Kf4 g6 43. g4 fxg4 44. Kxg4 h5+ 45. Kf4 g5+ 46. Ke4 g4 47.
hxg4 hxg4 48. Kf5 Bh4 1/2-1/2

[Event "SPICE Cup Open 2018"]
[Site "Saint Louis USA"]
[Date "2018.10.24"]
[Round "2.16"]
[White "Williams, Justus"]
[Black "Yanayt, Eugene"]
[Result "1-0"]
[WhiteTitle "FM"]
[BlackTitle "FM"]
[WhiteElo "2344"]
[BlackElo "2137"]
[WhiteFideId "2049929"]
[BlackFideId "2020165"]
[EventDate "2018.10.23"]
[EventType "swiss"]

1. d4 Nf6 2. c4 g6 3. Nc3 Bg7 4. e4 d6 5. Be2 O-O 6. Be3 e5 7. d5 Na6 8. g4 Nc5
9. f3 a5 10. h4 h5 11. g5 Ne8 12. Nh3 Bd7 13. Nf2 c6 14. Qd2 cxd5 15. cxd5 Nc7
16. Rc1 N7a6 17. Nb5 Bxb5 18. Bxb5 Nc7 19. Be2 b6 20. Nd1 Qd7 21. Nc3 Rfb8 22.
Kf2 Kh8 23. Kg2 b5 24. Nd1 Bf8 25. Nf2 b4 26. Rhd1 Kg8 27. Bxc5 dxc5 28. Nd3 Qd6
29. Nxc5 a4 30. b3 axb3 31. axb3 Ra3 32. Rc2 Kh7 33. Rdc1 f6 34. Nd7 Ne8 35.
Nxb8 Qxb8 36. Rc8 1-0

[Event "SPICE Cup Open 2018"]
[Site "Saint Louis USA"]
[Date "2018.10.24"]
[Round "2.17"]
[White "Colas, Joshua"]
[Black "Eckert, Doug"]
[Result "1-0"]
[WhiteTitle "FM"]
[BlackTitle "FM"]
[WhiteElo "2334"]
[BlackElo "2124"]
[WhiteFideId "2044447"]
[BlackFideId "2001993"]
[EventDate "2018.10.23"]
[EventType "swiss"]

1. Nf3 d5 2. b3 Bg4 3. Bb2 Bxf3 4. exf3 e6 5. g3 Nf6 6. Bg2 Be7 7. O-O O-O 8. f4
c5 9. d3 Nc6 10. Nd2 Rc8 11. Nf3 d4 12. Re1 Nd5 13. h4 h5 14. Ng5 Bxg5 15. fxg5
g6 16. g4 hxg4 17. Qxg4 Kg7 18. Bc1 Rh8 19. Bxd5 Qxd5 20. Re4 Qf5 21. Qg3 e5 22.
Bd2 Rce8 23. Rae1 Re7 24. a3 a5 25. Kg2 b6 26. Rf1 Qd7 27. Rh1 Qd6 28. Qf3 Re6
29. h5 Rxh5 30. Rxh5 gxh5 31. Qxh5 Rg6 32. Rh4 Kf8 33. Qf3 Rg8 34. Kf1 Nd8 35.
Qa8 Kg7 36. Rh6 Ne6 37. Qe4 Kf8 38. Rf6 Ke8 39. Qa8+ Qd8 40. Qc6+ Ke7 41. Qb7+
Kd6 42. f4 Qd7 43. fxe5+ 1-0

[Event "SPICE Cup Open 2018"]
[Site "Saint Louis USA"]
[Date "2018.10.24"]
[Round "2.18"]
[White "Polavaram, Rithik"]
[Black "Moon, Benjamin"]
[Result "0-1"]
[WhiteElo "2069"]
[BlackElo "2304"]
[WhiteFideId "2081997"]
[BlackFideId "2064847"]
[EventDate "2018.10.23"]
[EventType "swiss"]

1. d4 Nf6 2. c4 g6 3. Nc3 Bg7 4. e4 d6 5. Be2 O-O 6. Nf3 Bg4 7. Be3 Nfd7 8. Ng1
Bxe2 9. Ngxe2 c5 10. O-O cxd4 11. Nxd4 Nc6 12. f4 Qa5 13. Qd2 Nf6 14. Nxc6 bxc6
15. h3 Qb4 16. b3 Nh5 17. Bd4 Bxd4+ 18. Qxd4 Nxf4 19. Kh2 Ne6 20. Qe3 Qc5 21.
Rae1 Qe5+ 22. Kh1 a5 23. Na4 Nc5 24. Nxc5 dxc5 25. a4 Rad8 26. Rf2 Rd6 27. Qf3
f6 28. Qf4 Qxf4 29. Rxf4 e5 30. Rf3 Kf7 31. g4 Ke6 32. Kg2 Rd2+ 33. Kg3 Rfd8 34.
Rfe3 R2d3 35. Kf3 f5 36. gxf5+ gxf5 37. exf5+ Kxf5 38. Rf1 e4+ 39. Kg3+ Ke5 40.
Re1 Rxe3+ 41. Rxe3 Rd3 42. Kf2 Kf4 43. Rxd3 exd3 44. Ke1 Kg3 45. Kd2 Kxh3 46.
Kxd3 Kg3 47. Ke4 h5 48. Ke5 h4 49. Kd6 h3 50. Kxc6 h2 51. Kxc5 h1=Q 52. Kb6 Qa8
53. c5 Kf4 54. c6 Ke5 55. c7 Kd6 56. b4 axb4 57. a5 b3 0-1

[Event "SPICE Cup Open 2018"]
[Site "Saint Louis USA"]
[Date "2018.10.24"]
[Round "2.19"]
[White "Shoykhet, Benjamin"]
[Black "Ghazarian, Kirk"]
[Result "0-1"]
[WhiteElo "1855"]
[BlackElo "2222"]
[WhiteFideId "30919746"]
[BlackFideId "30908604"]
[EventDate "2018.10.23"]
[EventType "swiss"]

1. c4 c5 2. g3 g6 3. Bg2 Bg7 4. Nf3 Nc6 5. Nc3 d6 6. O-O Nh6 7. d4 cxd4 8. Bxh6
Bxh6 9. Nxd4 Bd7 10. Nxc6 bxc6 11. b3 O-O 12. Qd3 Rb8 13. e4 Qa5 14. Rfe1 Bg7
15. Rec1 f5 16. c5 Qxc5 17. Rab1 Qxf2+ 18. Kh1 Qd4 19. Qxd4 Bxd4 20. Ne2 Be5 21.
Rd1 fxe4 22. Bxe4 Bg4 23. Re1 d5 24. Bg2 Bg7 25. Rbc1 Bd7 26. Nf4 e5 27. Nd3 e4
28. Nc5 Bf5 29. h3 h5 30. Red1 Be5 31. Na6 Rb6 32. Nc5 Rf6 33. Rf1 Kg7 34. Na4
Rb8 35. Nc3 Bxg3 36. Ne2 Be5 37. h4 d4 38. Rc5 Rb5 39. Rcc1 e3 40. Rxc6 Rxc6 41.
Bxc6 Rc5 0-1

[Event "SPICE Cup Open 2018"]
[Site "Saint Louis USA"]
[Date "2018.10.24"]
[Round "3.1"]
[White "Cordova, Emilio"]
[Black "Bruzon Batista, Lazaro"]
[Result "1/2-1/2"]
[WhiteTitle "GM"]
[BlackTitle "GM"]
[WhiteElo "2609"]
[BlackElo "2653"]
[WhiteFideId "3801497"]
[BlackFideId "3503739"]
[EventDate "2018.10.23"]
[EventType "swiss"]

1. Nf3 c5 2. c4 Nc6 3. Nc3 Nf6 4. g3 e6 5. d4 cxd4 6. Nxd4 Qb6 7. Ndb5 Ne5 8.
Bf4 Nfg4 9. Qa4 g5 10. Bxe5 Qxf2+ 11. Kd1 Nxe5 12. Nc7+ Kd8 13. Nxa8 Qd4+ 14.
Kc2 Nxc4 15. Kb3 Nd2+ 16. Kc2 Nc4 17. Kb3 Nd2+ 18. Kc2 1/2-1/2

[Event "SPICE Cup Open 2018"]
[Site "Saint Louis USA"]
[Date "2018.10.24"]
[Round "3.2"]
[White "Escalante Ramirez, Brian Sebasti"]
[Black "Gledura, Benjamin"]
[Result "0-1"]
[WhiteTitle "IM"]
[BlackTitle "GM"]
[WhiteElo "2442"]
[BlackElo "2621"]
[WhiteFideId "3819566"]
[BlackFideId "712779"]
[EventDate "2018.10.23"]
[EventType "swiss"]

1. e4 e5 2. Nf3 Nc6 3. d4 exd4 4. Nxd4 Nf6 5. Nxc6 bxc6 6. Qe2 Bb4+ 7. c3 Be7 8.
e5 Nd5 9. c4 Nb6 10. Qc2 d6 11. exd6 cxd6 12. Bd3 Nd7 13. O-O Nc5 14. Be2 O-O
15. Nc3 Bf6 16. Be3 Rb8 17. Rad1 Qc7 18. b3 a5 19. Bf3 Be5 20. Rfe1 Ne6 21. Ne2
a4 22. Nd4 axb3 23. axb3 Bd7 24. Be4 g6 25. Nf3 f5 26. Bd3 c5 27. Ng5 Nxg5 28.
Bxg5 Bc6 29. f3 Rfe8 30. Be3 Qg7 31. Bf1 Bxh2+ 32. Kxh2 Rxe3 33. Qd2 Rxe1 34.
Rxe1 Qc7 35. Qg5 Re8 36. Rxe8+ Bxe8 37. Kg1 Qg7 38. Qd2 Qf6 39. Kf2 Bc6 40. b4
cxb4 41. Qxb4 Qd4+ 42. Ke1 Kg7 43. Qd2 Qe5+ 44. Be2 f4 45. Qb4 Be8 46. Qb7+ Bf7
47. Qc7 h5 48. Kf1 Kf6 49. Qd8+ Qe7 50. Qa5 Kg7 51. Qa1+ Kh6 52. Qc1 Qe5 53. Qa3
Kg5 54. Qa7 Kf6 55. Qc7 Kg7 56. Qd7 h4 57. Qc7 Kf6 58. Qd8+ Qe7 59. Qb8 Kg5 60.
Qb6 Be6 61. Bd3 h3 62. Qg1 Qf6 63. gxh3+ Kh6 64. Kg2 Qg5+ 65. Kh2 Qxg1+ 66. Kxg1
Bxh3 67. Kf2 Kg5 68. Ke1 Kf6 69. Kd2 g5 70. Be2 Ke5 71. Kd3 Bc8 72. Kc3 Bb7 73.
Bd1 Ba6 74. Bc2 Bc8 75. Bd1 Bh3 76. Be2 Bg2 77. Kd3 g4 78. fxg4 f3 79. Bd1 f2
80. Be2 f1=Q 81. Bxf1 Bxf1+ 82. Kc3 Bh3 83. g5 Bf5 84. Kb4 Kd4 85. Kb5 Be4 0-1

[Event "SPICE Cup Open 2018"]
[Site "Saint Louis USA"]
[Date "2018.10.24"]
[Round "3.3"]
[White "Bok, Benjamin"]
[Black "Liang, Awonder"]
[Result "1/2-1/2"]
[WhiteTitle "GM"]
[BlackTitle "GM"]
[WhiteElo "2639"]
[BlackElo "2572"]
[WhiteFideId "1017063"]
[BlackFideId "2056437"]
[EventDate "2018.10.23"]
[EventType "swiss"]

1. Nf3 Nf6 2. g3 e6 3. Bg2 Be7 4. O-O O-O 5. c4 d5 6. b3 b6 7. Nc3 Bb7 8. d4
Nbd7 9. Bb2 Rc8 10. Rc1 c5 11. Ne1 cxd4 12. Qxd4 Nc5 13. cxd5 exd5 14. Nc2 Ne6
15. Qd3 d4 16. Nb5 Ba6 17. b4 Nd7 18. Ncxd4 Rxc1 19. Rxc1 Nxd4 20. Bxd4 Bxb4 21.
Qb1 1/2-1/2

[Event "SPICE Cup Open 2018"]
[Site "Saint Louis USA"]
[Date "2018.10.24"]
[Round "3.4"]
[White "Lenderman, Aleksandr"]
[Black "Wang, Kevin"]
[Result "1-0"]
[WhiteTitle "GM"]
[BlackTitle "IM"]
[WhiteElo "2626"]
[BlackElo "2447"]
[WhiteFideId "2021285"]
[BlackFideId "2008424"]
[EventDate "2018.10.23"]
[EventType "swiss"]

1. Nf3 d5 2. e3 Nf6 3. c4 e6 4. b3 g6 5. Nc3 Bg7 6. Ba3 Nbd7 7. Rc1 dxc4 8. Bxc4
a6 9. Be2 b5 10. d4 Bb7 11. O-O Bf8 12. Bxf8 Kxf8 13. b4 Kg7 14. a4 Qe7 15. Qb3
Nd5 16. axb5 Qxb4 17. Qc2 Rhc8 18. Nxd5 exd5 19. Rb1 Qd6 20. Rfc1 a5 21. Qc3 c6
22. Qa1 a4 23. Ne5 f6 24. Nxd7 Qxd7 25. b6 Ba6 26. Rb4 Qb7 27. Bxa6 Rxa6 28. Qa3
Rca8 29. Rcb1 Ra5 30. R4b2 Qd7 31. h4 h5 32. Rc2 Rb8 33. Qc3 Rb5 34. Rxb5 cxb5
35. Qa5 Rb7 36. Rc5 Qd6 37. Rc7+ Rxc7 38. bxc7 Qd7 39. Qc3 Qc8 40. Qc5 a3 41.
Qe7+ Kh6 42. Qd8 1-0

[Event "SPICE Cup Open 2018"]
[Site "Saint Louis USA"]
[Date "2018.10.24"]
[Round "3.5"]
[White "Prohaszka, Peter2"]
[Black "Ostrovskiy, Aleksandr"]
[Result "1-0"]
[WhiteTitle "GM"]
[BlackTitle "IM"]
[WhiteElo "2626"]
[BlackElo "2423"]
[WhiteFideId "726265"]
[BlackFideId "2034239"]
[EventDate "2018.10.23"]
[EventType "swiss"]

1. Nf3 d5 2. e3 Nf6 3. c4 e6 4. b3 c5 5. Bb2 Nc6 6. cxd5 exd5 7. Bb5 Bd6 8. O-O
O-O 9. d4 cxd4 10. Nxd4 Bc7 11. Be2 Re8 12. Nd2 Nxd4 13. Bxd4 Qd6 14. g3 Bh3 15.
Re1 Rac8 16. Qb1 Bb6 17. Qb2 Bxd4 18. Qxd4 Qc5 19. Qxc5 Rxc5 20. Nf3 Bg4 21. Nd4
Bxe2 22. Rxe2 Rec8 23. f3 h5 24. h3 Kf8 25. Kf2 g6 26. Rd1 Ke7 27. g4 hxg4 28.
hxg4 Rc1 29. Ree1 Rxd1 30. Rxd1 Nd7 31. Rd2 Rc5 32. Ne2 a5 33. Nf4 Nb6 34. Kg3
Kf8 35. Ne2 Ke7 36. Kf4 Nd7 37. Kg3 Nb6 38. a3 g5 39. Kf2 Nc8 40. b4 axb4 41.
axb4 Rc4 42. Rxd5 Rxb4 43. Rxg5 Rb2 44. Re5+ Kf6 45. f4 Nd6 46. Kf3 Nc8 47. g5+
Kg7 48. Re8 Nd6 49. Rd8 Nf5 50. Ng3 Nxg3 51. Kxg3 b5 52. Rb8 Rb3 53. Kf3 b4 54.
Ke4 Rb1 55. Kf5 b3 56. e4 b2 57. e5 Kh7 58. e6 fxe6+ 59. Kf6 Rg1 60. Rxb2 1-0